000 00314nam a22001337a 4500
008 180316b xxu||||| |||| 00| 0 eng d
020 _a9780321104762
041 _aeng
080 _a82
100 _a24
101 _agju
245 _aa short guide to writing about literature
_cbarnet.s
942 _2udc
_cBK
999 _c45237
_d45237